| 000 | 00464nam a2200121 a 4500 | ||
|---|---|---|---|
| 001 | 000038328 | ||
| 005 | 20201002031229.0 | ||
| 008 | 130409s1991 it ac 000 0 spa d | ||
| 040 |
_aDO-SdBNP _bspa _cBNPHU |
||
| 245 | 0 | 3 |
_aEl poder de la imagen : _bProgramas de diapositivas y filminas para informar, motivar y capacitar en paises en desarrollo. |
| 260 |
_aRoma : _bSubdirección de Medios de Comunicación para el Desarrollo, _c1991. |
||
| 300 |
_a56 p. : _bils., retrs. |
||
| 999 |
_c37818 _d37818 |
||